Statistics for Japan True or False?

Click here to take the quiz!

General Stats

  • This quiz has been taken 11,804 times
    (11,790 since last reset)
  • The average score is 12 of 15

Answer Stats

QuestionAnswer% Correct
Japan has a higher population density than the United StatesTrue
95%
Kyoto was the capital of Japan before TokyoTrue
92%
Japan has a high degree of ethnic diversity relative to other countriesFalse
88%
Hiroshima is today a radioactive ghost townFalse
87%
"Kamikaze" was the family name of the first pilot who flew his plane into an enemy ship during WWIIFalse
86%
Japan conquered about half of India during WWIIFalse
86%
Japan was conquered by the MongolsFalse
84%
Japan has no territorial disputes with any countryFalse
82%
Godzilla needs to eat people to surviveFalse
82%
In Japanese religion, the Emperor is said to be the direct descendant of the sun goddess AmaterasuTrue
79%
It is possible to be Buddhist and Shinto at the same timeTrue
78%
Baseball is the most popular spectator sport in JapanTrue
77%
The Japanese stock market is still lower than its peak in 1989True
69%
Kimonos are worn by both men and womenTrue
64%
Christians were rarely persecuted during the Shogun ruleFalse
62%

Score Distribution

Percentile by Number Answered

Percent of People with Each Score

Your Score History

You have not taken this quiz since the last reset